| 000 | 00933nam a2200253 i 4500 | ||
|---|---|---|---|
| 001 | 14341 | ||
| 003 | ES-MaACL | ||
| 005 | 20250816063125.0 | ||
| 007 | t| | ||
| 008 | 990222s1998 sp a |||| |dspa d | ||
| 020 | _a84-95088-83-5 | ||
| 080 | _a75 Domingo, Roberto (1883-1956) | ||
| 100 | 0 |
_aDomingo, Roberto, _d1883-1956 _945124 |
|
| 245 | 1 | 0 |
_aRoberto Domingo (1883-1956) _b: exposición homenaje : Madrid, diciembre-enero, Valencia, febrero-marzo. |
| 260 |
_aMadrid : _bCentro Cultural del Conde Duque ; _aValencia : _bAutoridad Portuaria de Valencia, _c1998. |
||
| 300 |
_a157 p. : _bil. ; _c23 cm. |
||
| 600 | 0 | 4 |
_aDomingo, Roberto, _d1883-1956- _vExposiciones _945125 |
| 655 | 7 |
_2tgfbne _9193628 _aCatálogos de exposiciones |
|
| 710 | 2 |
_aCentro Cultural del Conde Duque. _92579 |
|
| 710 | 2 |
_aAutoridad Portuaria de Valencia. _92072 |
|
| 852 |
_aES-MaACL _jL-21659 |
||
| 942 | _2udc | ||
| 999 |
_c14341 _d14341 |
||